00505 a2200157 450000500170000001000150001702000300003203500140006203700130007608200130008910000200010224500470012226000540016927000800022330000440030320220218164829.0 aENG-130430 a978-93-91370-42-8c550.00 aEN-113962 bDBAD/PUB a158.1b1 aSabnavis, Charu aBuild Your Personal Brand/cCharu Sabnavis aNew DelhibSage Publications India Pvt Ltd.c2021 aB-I/I-I, Mohan Cooperative Industrial Area, Mathura RoadbNew Delhie110044 axv, 279p.c22cm (pbk)bAbout the Author